000 00612nam a2200205 a 4500
008
020 _a0435285157 (pbk.)
049 _aMAIN
090 _aHF5718
100 1 _aGreenall, Simon .
245 1 0 _aBusiness Targets :
_bAn upper-intermediate course in Business English /
_cSimon Greenall.
260 _aOxford :
_bHeinemann,
_c1986.
300 _a96 p :
_bill. ;
_c25 cm.
650 0 _aBusiness English
_xStudy and teaching.
907 _a.b10037822
_b22-07-03
_c17-04-03
003
005 20230123133203.0
040 _cNUST
942 _cBOOKS
_kHF5718
999 _c144242
_d144242